01342nam a2200277 i 4500001000700000003000900007005001700016007000300033008004100036080002500077100006800102245028400170260008100454300002200535490006700557500001500624504003200639600003000671700002700701710004400728710004100772830007500813852003500888999001900923952012200942175677ES-MaACL20251120063149.0t|101116s1943 sp ||||1| spa d a929 Ildefonso, Santo0 aMartínez de Toledo, Alfonso, cArcipreste de Talavera97803410aSan Ildefonso de Toledo a través de la pluma del Arcipreste de Talavera / cestudio y edición crítica de la Vida de San Ildefonso y de la traducción del tratado De perpetua virginitate sanctae Mariae contra tres infideles, por el Arcipreste de Talavera, por José Madoz. aMadrid : bPatronato Raimundo Lulio : bInstituto Francisco Suárez,c1943. a194 p. ; c25 cm.1 aBiblioteca de antiguos escritores cristianos españoles ; v2 aÍndices. aBibliografía: p. 188-190.04aIldefonso, cSanto9651731 aMadoz, José.91439580 aPatronato Raimundo Lulio (Madrid)961982 aInstituto "Francisco Suárez"950620 aBiblioteca de antiguos escritores cristianos españoles ; v29189822 aES-MaACLjE-13541 xOlim P-780 c175677d175677 00104070aATENEOMbATENEOMcDEPO2d2010-11-16eSCl0oE-13541p1184478r2023-02-23 00:00:00w2023-02-23yMONOGRAFIA